000 01002nam a22002057a 4500
999 _c16896
_d16896
005 20251125232849.0
008 s2529 th thaeng
040 _aNALT
041 _athaeng
245 1 0 _aประมวลความตกลงทางวัฒนธรรมระหว่างรัฐบาลไทยกับรัฐบาลต่างประเทศ เล่ม 1
260 3 _aกรุงเทพฯ :
_bกรมสารนิเทศ กระทรวงการต่างประเทศ,
_c2529
300 _a72 หน้า ;
_b 26 ซม.
650 0 4 _aความตกลงระหว่างประเทศ
650 0 4 _aวัฒนธรรม (ความตกลงระหว่างประเทศ)
850 _aNALT
856 4 0 _uhttps://hdl.handle.net/20.500.14156/302220
942 _cLB
_2lcc
998 _j25
_k นีลวัสน์ อินทรักษา
090 _aKF54.4 ก452ป 2529